000
00289nam a22001217a 4500
082
_a
543 HAM,C
100
_a
SIMPSON, S.G,HAMILTON, L.F
_9
57363
245
_a
CALCULATION OF ANATYTICAL CHEMISTRY
250
_a
6TH
260
_a
NEW YORK
_b
MCGRAW HILL
_c
1960
300
_a
334P
942
_c
BK
999
_c
567652
_d
567652